SAT Words HARD Click Quiz - H #4 - Statistics

General Stats
  • This quiz has been taken 267 times
  • The average score is 9 of 15
Answer Stats
Hint Answer % Correct
Regular visitor or customer of a place Habitué
84%
Female inheritor; heiress Heritrix
83%
Raised hairs on a dog’s back Hackles
80%
Condition of abnormally accurate memory or vivid recall Hypermnesia
80%
Big toe; innermost digit of a foot Hallux
76%
Relating to a northern, frozen region Hyperborean
73%
The common people; the masses Hoi polloi
64%
Bully or harrass Hector
63%
By chance or accident Haply
61%
Expressing complex ideas in a single word Holophrastic
53%
Involving the method of trial-and-error in problem solving Heuristic
52%
Endorse, allow, or sanction officially Homologate
52%
Anticoagulant found in medicinal leeches Hirudin
40%
All at once; in its entirety Holus-bolus
35%
In the style of a satirical epic poem; parodistically heroic Hudibrastic
35%
No matching quizzes found
Score Distribution
Percent of People with Each Score
Percentile by Number Answered
Your Score History
You have not taken this quiz